| 000 | 00475nam a2200181Ia 4500 | ||
|---|---|---|---|
| 008 | 230524s9999 xx 000 0 und d | ||
| 020 | _a9780070634633 | ||
| 082 |
_a621.382 _bMIL |
||
| 100 | _aJacob Millman | ||
| 245 | 0 | _aPulse Digital and Switching Wave Forms | |
| 250 | _a1ST | ||
| 260 |
_aNEW DELHI _bTMH _c2004 |
||
| 300 | _aXII;951 | ||
| 500 | _aQuantity Number: 102 | ||
| 650 | _aElectronics | ||
| 700 | _a" Herbert Taub,Mothiki S Prakash Rao,,," | ||
| 942 | _cBK | ||
| 999 |
_c32577 _d32577 |
||